Greek Mythology - Statistics

General Stats
  • This quiz has been taken 377 times
  • The average score is 12 of 15
Answer Stats
Question Answer % Correct
Minotaur was a creature with a human body and... Bull’s head
98%
How was Athena born? Sprang out of the skull of Zeus
98%
How did Icarus die? by flying too near the Sun with waxen wings
97%
Orpheus went to Hades to... Restore his dead wife, Eurydice, to the realm of the living
96%
How did Theseus find his way out of the Labyrinth? Ariadne gave him a ball of thread
94%
Who was Apollo's twin sister? Artemis
94%
Aphrodite was married to... Hephaestus
88%
Poseidon was the god of sea, storms, earthquakes and... Horses
83%
Which of the below is NOT one of the 12 labours of Hercules? Killing Hippolyta
73%
Which was the capital city of the Amazons? Themiscyra
72%
"Homecoming" (nostos) took Odysseus how many years? 10
71%
In order to approach Europa, Zeus transformed himself into the form of... White bull
69%
Typhon and his mate ... were the progenitors of many famous monsters Echidna
65%
The offsprings of Chaos: Erebus and Nyx
54%
What is the main symbol of Hermes? Caduceus
52%
No matching quizzes found
Score Distribution
Percent of People with Each Score
Percentile by Number Answered
Your Score History
You have not taken this quiz